|
|
|
|
| LEADER |
00926nam a2200301 4500 |
| 001 |
DLU110130879 |
| 005 |
##20111223 |
| 040 |
# |
# |
|a DLU
|b eng
|
| 041 |
# |
# |
|a eng
|
| 044 |
# |
# |
|a us
|
| 100 |
# |
# |
|a vanWitteloostuijn, Arjen.
|
| 245 |
# |
# |
|a Carmen M. Reinhart and Kenneth S. Rogoff : This time is different : Eight centuries of financial folly /
|c Arjen vanWitteloostuijn.
|
| 653 |
# |
# |
|a Book reviews
|
| 653 |
# |
# |
|a Economic crisis
|
| 653 |
# |
# |
|a Economic history
|
| 653 |
# |
# |
|a Economic theory
|
| 653 |
# |
# |
|a Nonfiction
|
| 653 |
# |
# |
|a Sovereign debt
|
| 773 |
# |
# |
|t Administrative Science Quartely
|g Vol. 55, no. 3 (September 2010), p. 522-525
|
| 920 |
# |
# |
|a Phòng Tạp chí -- Trung tâm Thông tin - Thư viện Trường Đại học Đà Lạt
|
| 994 |
# |
# |
|a DLU
|
| 900 |
# |
# |
|a True
|
| 911 |
# |
# |
|a Trương Bảo Trâm Anh
|
| 925 |
# |
# |
|a G
|
| 926 |
# |
# |
|a A
|
| 927 |
# |
# |
|a BB
|
| 980 |
# |
# |
|a Thư viện Trường Đại học Đà Lạt
|